| 000 | 01481nam0a2200337 i 4500 | ||
|---|---|---|---|
| 001 | RU\NLR\bibl\2031351 | ||
| 005 | 20241114225721.0 | ||
| 021 |
_aRU _b2013-27562 _91904 |
||
| 035 | _a(NLR Aleph) 002019212 | ||
| 090 |
_a4496362 _c4496362 |
||
| 100 | _a20130507d2013 k y0rusy50 ca | ||
| 101 | 0 | _arus | |
| 102 | _aRU | ||
| 105 | _ay ||||||||| | ||
| 200 | 1 |
_aОператорно-функциональные, эволюционные уравнения и задачи идентификации _fЮ.Е. Аниконов |
|
| 210 |
_aНовосибирск _cИнститут математики СО РАН _d2013 |
||
| 215 |
_a24 с. _d28 |
||
| 225 | 1 |
_aПрепринт _fРос. акад. наук, Сиб. отд-ние, Ин-т математики им. С.Л. Соболева _v285, январь 2013 |
|
| 320 | _aБиблиогр.: с. 23-24 (24 назв.) | ||
| 606 |
_aФункциональные уравнения _9961579 _3RU\NLR\auth\6640245 |
||
| 606 |
_aМатематическая физика _xЭволюционные уравнения _91578065 _3RU\NLR\auth\66692247 |
||
| 606 |
_aЛинейные операторные уравнения _92600685 _3RU\NLR\auth\661537243 |
||
| 686 | _aВ161.922 | ||
| 686 | _aВ161.621 | ||
| 686 | _aВ162.13 | ||
| 700 | 1 |
_aАниконов _bЮ. Е. _gЮрий Евгеньевич _4070 |
|
| 801 | 0 |
_aRU _bNLR _c20130507 _gRCR |
|
| 801 | 1 |
_aRU _bNLR _c20130507 |
|
| 942 | _cBOOK | ||
| 980 | _aNBR | ||